Loading...
Science - Biology | 0 | 6 | 0 | 0 | 60 | 70 | 85.50 | 1 | 5 |
Literature - World Literature | 0 | 6 | 0 | 2 | 60 | 76 | 113.17 | 1 | 3 |
Literature - British Literature | 0 | 5 | 0 | 1 | 50 | 94 | 127.20 | 0 | 3 |
Literature - European Literature | 0 | 5 | 0 | 1 | 50 | 116 | 132.40 | 0 | 2 |
Literature - American Literature | 0 | 5 | 0 | 1 | 50 | 104 | 129.00 | 1 | 2 |
Science - Chemistry | 0 | 6 | 3 | 0 | 45 | 73 | 99.17 | 1 | 5 |
Fine Arts - Classical Music | 0 | 4 | 0 | 0 | 40 | 71 | 96.75 | 1 | 4 |
Fine Arts - Painting & Sculpture | 0 | 2 | 0 | 0 | 20 | 138 | 139.00 | 0 | 0 |
Science - Physics | 0 | 2 | 1 | 1 | 15 | 88 | 106.50 | 0 | 2 |
Philosophy | 0 | 1 | 0 | 0 | 10 | 131 | 131.00 | 0 | 1 |
History - World History | 0 | 1 | 0 | 0 | 10 | 103 | 103.00 | 0 | 0 |
History - Other History | 0 | 1 | 0 | 0 | 10 | 116 | 116.00 | 0 | 0 |
Social Science | 0 | 1 | 1 | 1 | 5 | 117 | 117.00 | 0 | 0 |
Fine Arts - Other Fine Arts | 0 | 0 | 0 | 0 | 0 | 0.00 | 0 | 0 | |
Religion | 0 | 0 | 1 | 0 | -5 | 0.00 | 0 | 0 |